The Raven and other poems / (Record no. 6941)

MARC details
000 -LEADER
fixed length control field 00814nam a22002537a 4500
001 - CONTROL NUMBER
control field 6941
003 - CONTROL NUMBER IDENTIFIER
control field FISKH
005 - DATE AND TIME OF LATEST TRANSACTION
control field 20250805080915.0
008 - FIXED-LENGTH DATA ELEMENTS--GENERAL INFORMATION
fixed length control field 250611b cb ||||| |||| 00| 0 eng d
020 ## - INTERNATIONAL STANDARD BOOK NUMBER
International Standard Book Number 9780439224062
040 ## - CATALOGING SOURCE
Original cataloging agency FISKH
Language of cataloging eng
Transcribing agency FISKH
Modifying agency FISKH
050 ## - LIBRARY OF CONGRESS CALL NUMBER
Classification number PS2609 .A1
082 ## - DEWEY DECIMAL CLASSIFICATION NUMBER
Classification number 811.3
100 ## - MAIN ENTRY--PERSONAL NAME
Personal name Poe, Edgar Allan
245 ## - TITLE STATEMENT
Title The Raven and other poems /
Statement of responsibility, etc. By Edgar Allan Poe With an introduction by Phipip Pullman
260 ## - PUBLICATION, DISTRIBUTION, ETC.
Place of publication, distribution, etc. New York :
Name of publisher, distributor, etc. Scholastic ,
Date of publication, distribution, etc. 2000.
300 ## - PHYSICAL DESCRIPTION
Extent 73 pages :
Other physical details illustrations ;
Dimensions 17 cm .
520 ## - SUMMARY, ETC.
Summary, etc. A collection of twenty-six poems by nineteenth-century American poet Edgar Allen Poe.
650 ## - SUBJECT ADDED ENTRY--TOPICAL TERM
Topical term or geographic name entry element Poetry
Form subdivision American poetry
650 ## - SUBJECT ADDED ENTRY--TOPICAL TERM
Topical term or geographic name entry element Poem
Form subdivision American literature
700 ## - ADDED ENTRY--PERSONAL NAME
Personal name Pullman, Philip
Relator term Introducer
942 ## - ADDED ENTRY ELEMENTS (KOHA)
Source of classification or shelving scheme Dewey Decimal Classification
Koha item type Books
Suppress in OPAC No
Holdings
Withdrawn status Lost status Source of classification or shelving scheme Damaged status Not for loan Collection Home library Current library Shelving location Date acquired Total Checkouts Full call number Barcode Date last seen Price effective from Koha item type Copy number
    Dewey Decimal Classification     Fiction Footprints International School Library Network Toul Tom Poung Campus Footprints International School Library Network Toul Tom Poung Campus TTP Secondary Fiction Bookshelves 06/11/2025   POE 811.3 PS2609 .A1 FISSE01260 06/11/2025 06/11/2025 Books  
    Dewey Decimal Classification     Fiction Footprints International School Library Network Toul Tom Poung Campus Footprints International School Library Network Toul Tom Poung Campus TTP Secondary Fiction Bookshelves 08/05/2025   POE 811.3 PS2609 .A1 FISSE01261 08/05/2025 08/05/2025 Books 2